00603nam a22001937a 450000500170000001000290001702000230004602000260006903500270009503700130012203700160013508200100015110000190016124500820018026000420026227000610030430000220036570000220038720100821115019.0 aENG-101194 B-422909-931 a8128818686c150.00 a9798128818683c150.00 aEN-84727 B-422909-931 bDBAD/PUB bK.K.Pub/Ven a336.2 aLakhotia, R.N. aBe smart know your income tax 2010 /cby R.N. Lakhotia [and] Subhash Lakhotia aNew DelhibDiamond Pocket Booksc2010 bNew Delhie110020aX-30, Okhla Industrial Area, Phase-II a267p.c22cm (pbk) aLakhotia, Subhash